000 00566nam a22001817a 4500
999 _c187664
_d187664
005 20220427124210.0
010 _aENG-132422
020 _a9789382040248
_c1500.00
035 _aEN-115954
037 _bDBAD/PUB
082 _a791.43025092
100 _aDatta, Debaditya
245 _aArt In Direction A Biography of Nitish Roy/
_cDebaditya Datta
260 _aKolkata
_bSankar Mondal
_c2015
270 _a209A, Bidhan Sarani
_bKolkata
_e700006
_mdeepprakashan@gmail.com
300 _ax, 246p.
_c28cm(hbk)
942 _2ddc
_cEN
_h791.46025092
_mDAT